Parlante : (Record no. 22096)

000 -CABECERA
fixed length control field 01848nam a22002657a 4500
003 - IDENTIFICADOR DEL NÚMERO DE CONTROL
control field AR-CdUCM
008 - DATOS DE LONGITUD FIJA--INFORMACIÓN GENERAL
fixed length control field 190425b ||||| |||| 00| 0 spa d
040 ## - FUENTE DE LA CATALOGACIÓN
Agencia/entidad que catalogó originalmente la obra MUNICIPALIDAD PROVINCIAL DEL CUSCO
Entidad que transcribió la catalogación BIBLIOTECA MUNICIPAL DEL CUSCO
082 ## - NÚMERO DE LA CLASIFICACIÓN DECIMAL DEWEY
No. de Clasificación Parlante/N°104/2010
110 ## - ENTRADA PRINCIPAL--NOMBRE DE ENTIDAD CORPORATIVA
Nombre de la institución, jurisdicción como entrada principal Centro Guamán Poma de Ayala
9 (RLIN) 20511
245 ## - MENCIÓN DE TÍTULO
Título Parlante :
Resto del título Revista del Cusco /
260 ## - PUBLICACIÓN, DISTRIBUCIÓN, ETC.
Lugar de publicación, distribución, etc. Cusco :
Nombre de la editorial, distribuidor, etc. Centro de Educación y Comunicación Guamán Poma de Ayala,
Fecha de publicación, distribución, etc. 2010.
300 ## - DESCRIPCIÓN FÍSICA
Nº de Páginas Extensión 36 páginas. :
Otros detalles físicos ilustraciones ;
Dimensiones 30 cm.
440 ## - MENCIÓN DE SERIE/PUNTO DE ACCESO ADICIONAL--TÍTULO
Título Parlante revista del Cusco.
Número de la parte/sección de una obra Año 25, N°104, agosto 2010.
9 (RLIN) 47437
505 ## - NOTA DE CONTENIDO CON FORMATO
Nota de contenido formateada Contenido: La nueva modalidad de elección de los consejeros regionales avance o retroceso. Maria Isabel Remy. -- Midiendo la calidad de vida de los peruanos. -- ¿La hora de los partidos regionales?. Luis Nieto Degregori. -- Basura en la mira. Jorge Alejandro Vargas Prado. -- Centro histórico la visión de los vecinos. Eldi Flores y Diana Hernández. -- ¡Jóvenes a la obra!. Félix Yanqui Pocohuanca. -- Invasión publicitaria. -- Cusco ombligo de las ciencias de la tierra. -- Todos somos recicladores un proyecto piloto de segregación de basura. Rossana Vera Alarcón. -- Monet para la batalla a la desnutrición. Lina Mesco Quillahuamán. -- ¡Haciendo Click! la revolución de los blogs en Cusco. César Venero Torres. -- Desigualdad, etnicidad y conflicto entrevista a Rosemary Thorp. Carlos de los Rios. -- Historieta en quechua. Antucha yachay wasipi. Jaime Araoz.
650 ## - PUNTO DE ACCESO ADICIONAL DE MATERIA--TÉRMINO DE MATERIA
Descriptor Actualidad y política
9 (RLIN) 47410
650 ## - PUNTO DE ACCESO ADICIONAL DE MATERIA--TÉRMINO DE MATERIA
Descriptor Centro Histórico Cusco
9 (RLIN) 46767
650 ## - PUNTO DE ACCESO ADICIONAL DE MATERIA--TÉRMINO DE MATERIA
Descriptor Educación, cultura y deportes
9 (RLIN) 47422
650 ## - PUNTO DE ACCESO ADICIONAL DE MATERIA--TÉRMINO DE MATERIA
Descriptor Medio ambiente
9 (RLIN) 47423
700 ## - PUNTO DE ACCESO ADICIONAL--NOMBRE DE PERSONA
Nombre Personal Vargas Prado, Alejandro
9 (RLIN) 47438
700 ## - PUNTO DE ACCESO ADICIONAL--NOMBRE DE PERSONA
Nombre Personal Venero Torres, César
9 (RLIN) 47439
710 ## - PUNTO DE ACCESO ADICIONAL--NOMBRE DE ENTIDAD CORPORATIVA
Nombre corporativo (En letras Mayúsculas) Centro Guamán Poma de Ayala
9 (RLIN) 20511
942 ## - ELEMENTOS DE PUNTO DE ACCESO ADICIONAL (KOHA)
Fuente de clasificación
Tipo de item Revistas cusqueñas
945 ## - PROCESAMIENTO DE INFORMACIÓN LOCAL (OCLC)
Catalogador vhl
Holdings
Estado de retiro (separado) Fuente de clasificación o esquema de estanterías Estado dañado Ubicación Sala donde se ubica Nombre de la colección Fecha de adquisición o compra Signatura topográfica Código de Barras Última vez visto (Koha) Tipo de ítem (Koha)
No     Sala Hemeroteca Sala Hemeroteca Book Cart 2022-03-04 Parlante/N°104/2010 REVC000759 2022-03-04 Revistas cusqueñas

Powered by Koha